Ricostruisci la Carriera del Calciatore - Alfred Duncan - Statistics

Statistiche generali
  • Questo quiz è stato fatto 4 volte
  • Il punteggio medio è 3 su 7
Statistiche sulle risposte
Hint Risposta % Corretto
2021 Cagliari
75%
2021- Fiorentina
75%
2015-2020 Sassuolo
75%
2013-2014 Livorno
50%
2012-2013 Inter
25%
2014-2015 Sampdoria
25%
2020-2021 Fiorentina
0%
Nessun quiz corrispondente trovato
Distribuzione punteggi
Percentuale di utenti per punteggio
Percentile per numero di risposta
I tuoi punteggi nel tempo
Non hai fatto questo quiz